Tombes du Père Lachaise en images (3) - Statistiques

Statistiques générales
  • Ce quiz a été pris 17 fois
  • Le résultat moyen est 10 sur 30
Statistiques - réponses
Par images Hint Réponse % Correct
1796-1863 - Peintre Eugène {Delacroix}
92%
1841-1899 - Président de la République Félix {Faure}
92%
1832-1883 - Illustrateur Gustave {Doré}
92%
1925-2016 - Ecrivain Alain {Decaux}
83%
1946-2016 - Chanteur Michel {Delpech}
83%
1931-1988 - Animatrice Christine {Fabréga}
67%
1939-1988 - Humoriste Pierre {Desproges}
67%
1809-1891 - Préfet de la Seine Georges Eugène {Haussmann}
58%
1748-1825 - Peintre Jacques-Louis {David}
58%
1780-1867 - Peintre Jean-Auguste-Dominique {Ingres}
50%
1770-1823 - Maréchal d'Empire Louis Nicolas {Davout}
50%
1776-1831 - Mathématicienne Sophie {Germain}
50%
1931-2011 - Actrice Annie {Girardot}
42%
1771-1835 - Peintre Antoine-Jean {Gros}
33%
1745-1822 - 1er instituteur pour les aveugles Valentin {Haüy}
33%
1895-1952 - Poète Paul {Éluard}
25%
1791-1824 - Peintre Théodore {Géricault}
25%
1933-2020 - Musicien Manu {Dibango}
17%
1940-2018 - Chanteur Jacques {Higelin}
8%
1840-1885 - Caricaturiste André {Gill}
0%
1881-1955 - Editeur Bernard {Grasset}
0%
1768-1847 - Maréchal d'Empire Emmanuel de {Grouchy}
0%
1777-1835 - Médecin Guillaume {Dupuytren}
0%
1101-1164 - Religieuse {Héloïse} d'Argenteuil
0%
1767-1820 - Peintre Jean-Baptiste {Isabey}
0%
1778-1850 - Chimiste Louis Joseph {Gay-Lussac}
0%
1919-2009 - Humoriste Pierre {Doris}
0%
1874-1947 - Compositeur Reynaldo {Hahn}
0%
1752-1831 - Facteur de piano Sébastien {Érard}
0%
1867-1944 - Chanteuse de music-hall Yvette {Guilbert}
0%
Aucun quiz correspondant
Distribution des résultats
% des personnes avec chaque résultat
Percentile par nombre de réponses
Votre historique - résultats
Vous n’avez pas pris ce quiz